000 00288nam a2200133 i 4500
001 bg
245 0 _aSystem operacyjny George 3.
250 _aWyd.2 rozsz.
260 _aWarszawa,
_c1987.
040 _cBPK
041 _apol
942 _cKS
008 s pl f |000 0 pol
999 _c23901
_d23901
856 _uhttp://koha.tu.koszalin.pl/cgi-bin/koha/opac-detail.pl?biblionumber=23901
_yKatalog online BPK